000 00503cam a2200193ua 4500
001 11385
008 190917n ii |||gr||||Z||||||eng
020 _a9789387945050
040 _cMAIN
041 _aeng
082 _a333.7
100 _aBhagawat Shamrao Sawake,
_eAuthor.
245 _aDevelopment of environmental economics
_cBy Bhagawat Shamrao Sawake
250 _a1st ed.
260 _aJaipur:
_bYkings books,
_c2018.
300 _a203p.
653 _aEconomics ofland & energy
942 _cBK
999 _c10227
_d10227